LEADER 01337nam a2200253 i 4500 001 000000342314 003 CaOOAMICUS 005 20200928120257.0 008 200928s2001 it a m u001 u ita u 013 $a151555 040 $aSeMil$bita 100 1 $aToffolo, Stefania.$0(OLS)http://semarc/name/112199 245 11$a"This letter will tell you more" :$bla funzione della lettera nella commedia di Shakespeare /$cTesi di laurea di : Stefania Toffolo, matr. n. 503661 ; Relatore : Chiar.ma prof. A. Anzi. 260 $aMilano :$b[s.n.],$c2001. 300 $a244 p. :$bill. ;$c30 cm 500 $aIn testa al front. : Università degli Studi di Milano, Facoltà di Lettere e Filosofia, Corso di Laurea in Lingue e Letterature Straniere. - Ai piè del front : A.A. 2000/2001 650 4$aShakespeare, William <1564-1616> - Opere - Studi.$0(OLS)http://semarc/subject/2193 650 4$aTesi di laurea.$0(OLS)http://semarc/subject/1690 700 1 $aAnzi, A.$0(OLS)http://semarc/name/112200 850 $aSeMil 852 $aSeMil$W1$xVenegono$y1$m4X V 48$j221615$B233284$CSeMilBibl$Z2$F233284 $8L 996 $6245$a"This letter will tell you more" :$bla funzione della lettera nella commedia di Shakespeare$9(OLS)http://semarc/title/431162 996 $6260$aMilano :$b[s.n.]$9(OLS)http://semarc/publisher/29709 LEADER 00940nam a2200205 i 4500 001 000000192559 003 CaOOAMICUS 005 20100922000000.0 008 100922s1925 fr u000 u fre u 013 $a171155 040 $aSeMil$bita 100 1 $aFaye, Eugène : de.$0(OLS)http://semarc/name/70191 245 10$aGnostiques et gnosticisme :$bétude critique des documents du Gnosticisme Chrétien aux 2. et 3. siècles /$cPar Eugène de Faye. 250 $a2. édition augmentée. 260 $aParis :$bLibrairie orientaliste P. Geuthner,$c1925. 300 $a543 p. ;$c25 cm. 850 $aSeMil 852 $aSeMil$W1$xVenegono$y1$m2U V 120$j143134$B143134$CSeMilBibl$Z2$F154502 $81 996 $6245$aGnostiques et gnosticisme :$bétude critique des documents du Gnosticisme Chrétien aux 2. et 3. siècles$9(OLS)http://semarc/title/277544 996 $6260$aParis :$bLibrairie orientaliste P. Geuthner$9(OLS)http://semarc/publisher/32167